000 00897nam a2200253 i 4500
001 89300
003 ES-MaACL
005 20250928102044.0
007 t|
008 050110s1918 sp ||||1| spa d
080 _a929 Bolívar, Simón
080 _a94(8=134.2)"1806/30"
100 1 _aLarrazabal, Felipe.
_970329
245 1 0 _aVida del libertador Simón Bolívar /
_cFelipe Larrazabal ; edición modernizada con prólogo y notas de R[ufino] Blanco Fombona.
260 _aMadrid :
_bAmérica,
_c1918 (
_fJuan Pueyo)
300 _a2 v. ;
_c23 cm.
490 1 _aBiblioteca Ayacucho
600 1 4 _aBolívar, Simón,
_d1783-1830
_929964
651 4 _aAmérica española-
_xHistoria-
_y1806-1830, Guerras de la Independencia.
_97726
700 1 _aBlanco Fombona, Rufino,
_d1874-1944
_929251
830 0 _aBiblioteca Ayacucho
_9177888
852 _aES-MaACL
_jG-4986-87
999 _c89300
_d89300